| 000 | 00446nam a22001577a 4500 | ||
|---|---|---|---|
| 005 | 20231114142511.0 | ||
| 008 | 231114b |||||||| |||| 00| 0 eng d | ||
| 041 | _aEnglish | ||
| 082 | _a344.5 NIT | ||
| 100 | _lEnglish | ||
| 245 | _aNitasa Liquor Board vs Cut-Rate Liquor Store ( Case No 112/2002) | ||
| 260 | _c2009 | ||
| 300 |
_b8 pages ; _c30,4 cm. |
||
| 650 |
_aLegal practice _bAlison |
||
| 942 |
_cBK _6ALISON_BN_VRIES |
||
| 999 |
_c638 _d638 |
||